000 00481nam a2200157Ia 4500
008 210716s2007 xx 000 0 und d
020 _a9788178299174(PB)
041 _aeng
082 _a658.404 KOCN
100 _aKock,Ned.
245 _aSystems analysis And design fundamentals: a business process redesign approach.
_bBusiness process redesign approach.
250 _a1
260 _aNew Delhi
_bSage Publications
_c2007
300 _axiii,321
650 _aGeneral Management
999 _c205906
_d205906